000 00878nam a2200205Ia 4500
003 IN-BaIIA
008 211028s9999 xx 000 0 eng d
040 _cIIA Library
080 _a629.19(047.1)
_bCOS-XIV
111 _aOpen Meetings of Workshop Groups of the Sixteenth Plenary Meeting of COSPAR
_n16th
_cConstance, Germany
_d1973
_98460
245 0 _aSpace research XIV
_bproceedings of open meetings of workshop groups of the sixteenth plenary meeting of COSPAR, Constance, Germany, May 23-June 5, 1973
_cedited by M. J. Rycroft; edited by R. O. Reasenberg
260 _aBerlin
_bAkademie-Verlag
_c1974
300 _axvii, 800p.
650 _a Space Sciences
_98461
650 _aAstronomy and Astrophysics Thesaurus 
_91143
700 _aReasenberg, R. O., ed.
_98462
700 _aRycroft, M. J., ed.
710 _aCommittee on Space Research (France)
_98463
942 _cBK
999 _c4761
_d4761